000 00391 a2200157 4500
999 _c12734
_d12734
003 OSt
005 20240722192354.0
008 240710b ||||| |||| 00| 0 eng d
020 _a97819551541910
082 _a720
100 _aGiuseppe Bono
245 _aBlue papers: studies on digitational architecture
260 _b Applied Research & Design
_c2021
300 _a151p;
942 _2ddc